8 mots dans mots : jeu (mort subite) - Statistiques

Statistiques générales
  • Ce quiz a été pris 43 fois
  • Le résultat moyen est 4 sur 8
Answers on the Grid
Answers color-coded by a green-red scale on the quiz's grid according to % correct below.
Anti---nes
Mi---rée
Franc - ---
---nissement
Petit - dé---ner
Contre - ---ger
Photo---rnaliste
Ma---r
Sura---ter
Dé---ner
Déjauger
Ra---nissante
Dé---nir
Ra---nir
Ré---issante
Photora---nissement
 
Statistiques - réponses
Réponse % Correct
Franc - ---
81%
Petit - dé---ner
67%
Anti---nes
53%
Ma---r
53%
Ra---nissante
53%
Dé---ner
50%
Ra---nir
47%
Photora---nissement
36%
Aucun quiz correspondant
Distribution des résultats
% des personnes avec chaque résultat
Percentile par nombre de réponses
Votre historique - résultats
Vous n’avez pas pris ce quiz